00423pab a2200145 454500008004000000100002100040245004700061260000900108300001400117362000800131650004200139650004200181650002800223773002600251180718b2004 xxu||||| |||| 00| 0 eng d aAndeweg, Rudy B. aParliamentary democracy in the Netherlands c2004 ap.568-80. aJul aParliamentary democracy - Netherlands aNetherlands - Politics and government aPolitics and government aParliamentary Affairs